Normal view
MARC view
- SCHMILT, DIETER
Entry Personal Name
001 - CONTROL NUMBER
- control field: 91138
003 - CONTROL NUMBER IDENTIFIER
- control field: NUST
005 - DATE AND TIME OF LATEST TRANSACTION
- control field: 20220421104220.0
008 - FIXED-LENGTH DATA ELEMENTS
- fixed length control field: 220421|| aca||aabn | a|a d
040 ## - CATALOGING SOURCE
- Original cataloging agency: NUST
- Transcribing agency: NUST
100 ## - HEADING--PERSONAL NAME
- Personal name: SCHMILT, DIETER
670 ## - SOURCE DATA FOUND
- Source citation: Work cat.: (NUST): SCHMILT, DIETER., AIR TRANSPORT SYSTEM /, 2015.
